000 00460nam a2200133Ia 4500
008 100328s9999 xx 000 0 und d
082 _b66160
100 _aभानत मनोहर.
245 _aलुकतुके - एक आदर्श चाळ.
260 _bमाुश्री.
630 _aलुकतुके - एक आदर्श चाळ.
730 _aलुकतुके - एक आदर्श चाळ.
942 _cBOOK
999 _c551904
_d551901